Car Models 14 - Statistics

General Stats
  • This quiz has been taken 23 times
  • The average score is 8 of 16
Answer Stats
Picture Answer % Correct
Maserati MC12
80%
Renault Clio
75%
Alpine A110
70%
Aston Martin Vantage
60%
Nissan Fairlady Z/Datsun 240Z
60%
Volkswagen Golf MK6 GTI
60%
Fiat 124 Spider
50%
Pagani Utopia
50%
Porsche 356
50%
Dodge Charger Daytona
35%
GMC Yukon
35%
Suzuki Vitara
35%
Nissan Patrol
30%
Caterham Seven 170
20%
Chevrolet Colorado
20%
Mitsubishi Lancer Evo IV
20%
No matching quizzes found
Score Distribution
Percent of People with Each Score
Percentile by Number Answered
Your Score History
You have not taken this quiz